| 000 | 01381cam a22003495i 4500 | ||
|---|---|---|---|
| 999 |
_c10937 _d10937 |
||
| 001 | 14234581 | ||
| 003 | EG-ScBUE | ||
| 005 | 20210131152941.0 | ||
| 008 | 060118s2007 enk g 000 1 eng d | ||
| 020 | _a9780099179511 | ||
| 040 |
_aDLC _beng _erda _cDLC _dDLC _dEG-ScBUE |
||
| 043 | _an-us-ms | ||
| 082 | 0 | 4 |
_a813.54 _bGRI _222 |
| 100 | 1 |
_aGrisham, John, _eauthor. |
|
| 245 | 1 | 4 |
_aThe chamber / _cJohn Grisham. |
| 264 | 1 |
_aLondon : _bArrow Books, _c2007. |
|
| 300 |
_a598 pages ; _c20 cm |
||
| 336 |
_atext _btxt _2rdacontent |
||
| 337 |
_aunmediated _bn _2rdamedia |
||
| 338 |
_avolume _bnc _2rdacarrier |
||
| 520 | _aIn Mississippi, a young lawyer races against time to save his grandfather from the gas chamber. The grandfather was tried three times for a Ku Klux Klan bombing which killed two civil rights workers in 1967. He was found innocent twice, but guilty the third time. By the author of A Time To Kill. | ||
| 610 | 2 | 7 |
_aKu Klux Klan (1915- ) _xFiction. _2BUEsh |
| 650 | 7 |
_aCivil rights movements _xFiction. _2BUEsh |
|
| 650 | 7 |
_aDeath row inmates _xFiction. _2BUEsh |
|
| 650 | 7 |
_aBombings _xFiction. _2BUEsh |
|
| 651 | 7 |
_aGreenville (Miss.) _xFiction. _2BUEsh |
|
| 651 | 7 |
_aMississippi _xFiction. _2BUEsh |
|
| 653 |
_bHHUUEENN _cJanuary2021 |
||
| 655 | 7 |
_aLegal stories. _2gsafd |
|
| 942 |
_2ddc _cBB |
||